[Event "IND-ch"]
[Site "Mumbai"]
[Date "2003.01.19"]
[Round "3"]
[White "Kunte, Abhijit"]
[Black "Barua, Dibyendu"]
[Result "1-0"]
[WhiteElo "2507"]
[BlackElo "2541"]
[Annotator "Ribli,Z"]
[PlyCount "107"]
[EventDate "2003.01.18"]
[EventType "tourn"]
[EventRounds "21"]
[EventCountry "IND"]
[EventCategory "8"]
[SourceTitle "CBM 094"]
[Source "ChessBase"]
[SourceDate "2003.05.26"]
[SourceVersion "1"]
[SourceVersionDate "2003.05.26"]
[SourceQuality "1"]

1. Nf3 d5 2. c4 e6 3. g3 Nf6 4. Bg2 Be7 5. O-O O-O 6. d4 c6 {Das ist die
Geschlossene Variante der Katalanischen Eroeffnung - Schwarz nimmt nicht auf
c4, sondern er moechte zuerst den Damenfluegel entwickeln, um spaeter mit
c6-c5 das Spiel auszugleichen.} 7. Qc2 Nbd7 8. b3 b6 9. Rd1 {Das ist ein
typischer Wartezug in dieser Variante - Weiß wartet auf die Entwicklung des
c8-Läufers, um im Falle von 9...Bb7 10.Nc3 zu spielen bzw. im Falle von 9...
Ba6 - wie in der Partie - 10.Nbd2 zu ziehen.} Ba6 10. Nbd2 c5 (10... Re8 11. e4
c5 12. exd5 exd5 13. Bb2 Rc8 14. Qf5 g6 15. Qh3 cxd4 16. Nxd4 Ne5 17. Ne6 fxe6
18. Bxe5 Bd6 {1/2-1/2 Kunte,A-Barua,D/Nagpur 2002/CBM 86 ext (35)}) 11. e4 dxc4
12. bxc4 {Dieser Zug gefaellt mir nicht. Es waere natuerlicher und besser mit
dem Springer auf c4 zu nehmen.} (12. Nxc4 cxd4 13. Nxd4 Rc8 14. e5 (14. a4 Bxc4
15. bxc4 Qc7 16. Bf1 (16. Bb2 Qxc4 17. Qxc4 Rxc4 18. Bf1 Rcc8 19. Bb5 Nb8 20.
e5 Ne4 21. Rac1 Bb4 22. Nc6 Nxc6 23. Bxc6 Nc5 24. Bb5 a6 {0-1 Jurek,J-Horvath,
C/Aschach AUT 2002/(43)}) 16... Bc5 17. Kg2 Rfd8 18. Nb5 Qb8 19. f3 e5 20. a5
a6 21. Nc3 Bd4 22. Bd2 Qc7 23. axb6 Nxb6 24. Rxa6 Nxc4 25. Bxc4 Qxc4 26. Ra3 h6
27. Be1 {1/2-1/2 Schandorff,L-Johannessen,L/Reykjavik 2001/EXT 2002 (27)}) (14.
Qe2 Qc7 15. Bf4 Bxc4 16. bxc4 e5 17. Nf5 Rfe8 (17... Nc5 18. Bd2 Ne6 $11 {
1-0 Filippov,V-Galkin,A/St Petersburg 1998/CBM 67/[Ribli] (39)}) 18. Bg5 Bf8
19. Ne3 h6 20. Bxf6 Nxf6 21. Bh3 Rcd8 22. Nd5 Nxd5 23. cxd5 Bc5 {1/2-1/2
Wojtaszek,R-Pantsulaia,L/Heraklio GRE 2002/(33)}) 14... Nd5 15. Qb2 Bb4 (15...
Bxc4 $5) 16. Bd2 Bxd2 17. Qxd2 Rc5 18. f4 b5 19. Nd6 b4 20. Bxd5 Rxd5 21. Qxb4
{1-0 Kunte,A-Suvrajit,S/Mumbai IND 2003/(31)}) (12. e5 Nd5 13. bxc4 Nb4 14. Qb1
Rc8 15. Ba3 Nc6 16. dxc5 bxc5 17. Bb2 Qc7 18. Qe4 Rfd8 19. h4 h6 20. Bc3 Bb7
21. Qf4 Nf8 22. h5 Nd4 {0-1 Karttunen,M-Franco Alonso,A/Athens 2001/EXT 2002 
(50)}) 12... cxd4 {Schwarz hat die bessere Bauernstruktur, Weiß hat jedoch
einige Initiative im Zentrum.} 13. e5 (13. Nxd4 Ne5 $15) 13... Ng4 14. Qe4 h5
15. h3 (15. Nxd4 $2 Nc5 $1 $19) 15... Nc5 16. Qb1 $146 {Das ist die Abweichung
von der Partie Huebner,R - Anand, V Dortmund 2000. Aber nach meiner Meinung
ist dieser Zug nicht besonders gut.} (16. Qxd4 Nh6 17. Ba3 Qc7 $2 (17... Nf5
18. Qxd8 Raxd8) 18. Bxc5 bxc5 19. Qc3 Rad8 20. Ne4 Nf5 21. g4 $1 $11 hxg4 22.
hxg4 Nh6 {0-1 Huebner,R-Anand,V/Dortmund 2000/CBM 78 (39)}) 16... Nh6 $2 {
Nach diesem automatischem Zug kann Weiß seine Figuren aktivieren.} (16... Ne3
$1 {[%cal Ge3d1,Ge3g2]} 17. fxe3 dxe3 18. Bb2 exd2 $17) 17. Nb3 $14 {[%csl Rd4]
[%cal Gc1h6] Weiß hat noch einen Bauern weniger, aber die vielen Drohungen -
Nbxd4 oder Nfxd4 und gleichzeitig Bxh6 geben ihm reichlich Spiel.} d3 (17...
Nf5 18. g4 hxg4 19. hxg4 $16) 18. Nxc5 (18. Bxh6) 18... bxc5 (18... Bxc5 19.
Rxd3 Qc7 20. Ng5 {[%cal Gb1h7,Gh7g8,Gg2a8]} (20. Bxh6 gxh6 $132) 20... Nf5 (
20... Qxe5 21. Bf4 Qf5 22. Be4 Qf6 23. Nh7 $18) (20... g6 21. Bxa8 Rxa8 22. Ne4
$16) 21. g4 hxg4 22. hxg4 $16) 19. Bxh6 gxh6 20. Rxd3 {[%csl Rg8,Rh5,Rh6] Weiß
hat die viel bessere Bauernstruktur und der schwarze Koenigsfluegel ist
katastrophal schlecht.} Qc7 21. Qc1 Kg7 22. h4 {Mit diesem Zug legt Weiß die
schwarzen Bauern auf h5 (und h6) fest.} (22. Qf4 $16) (22. Rb1 Rab8 23. Rxb8
Rxb8 24. Ra3 $16) 22... Rfd8 23. Ra3 {[%csl Ra6]} Bb7 24. Qe3 Rd4 25. Rb1 $1 (
25. Nxd4 $2 cxd4 {[%cal Rd4e3,Re7a3]} 26. Qd3 Bxg2 27. Kxg2 Bxa3 28. Qxa3 Qxe5
$15) 25... Rxc4 {[#]} 26. Rxb7 $1 {[%mdl 512] Mit diesem schoenen Opfer
bekommt Weiß eine dauerhafte Initiative.} Qxb7 27. Nd2 {[%cal Rd2c4,Rg2a8]}
Rc1+ 28. Kh2 Qc8 29. Ne4 {[%cal Re3c1]} Rb1 30. Nf6 {[%cal Rf6h5,Rh5g7,Rg2a8]}
Rb4 (30... Bxf6 31. exf6+ Kxf6 32. Qf3+ $18 {[%cal Rf3f6,Rf3a8]}) 31. Nxh5+ Kg8
32. Bxa8 Qxa8 33. Qxh6 $16 {Weiß hat schon einen Bauern mehr und der schwarze
Koenig befindet sich in großer Not.} Rg4 (33... Qf8 34. Qxf8+ Kxf8 (34... Bxf8
35. Rxa7 $18) 35. Rxa7 $18) 34. Nf6+ Bxf6 35. Qxf6 c4 36. Ra6 {[%cal Ra6d6,
Rd6d8,Rd8g8,Rd8a8] Droht 37.Rd6, oder auch 36.Rxe6.} Rd4 37. Rd6 Rxd6 38. Qg5+
$1 (38. exd6 Qd5 39. Qd8+ Kg7 40. d7 c3 41. Qc8 Qd4 42. Kh3 Qd5 $1 (42... c2
43. d8=Q Qxd8 44. Qxd8 c1=Q 45. Qg5+ Qxg5 46. hxg5 $18) 43. Qxc3+ f6 44. Qc2
Qxd7 $16) 38... Kf8 (38... Kh7 39. exd6 Qf3 40. Qc5 $18) 39. exd6 {[%mdl 4096]
Mit dem starkem d6-Freibauern hat Weiß ausgezeichnete Gewinnchancen. Aber im
Damenendspiel muss man immer vorsichtig sein, es gibt oft
Dauerschachmöglichkeiten.} Qf3 40. Qc5 {[%cal Gc5f8,Gc5f2]} (40. Qe7+ Kg7 41.
Qxa7 $18) 40... Qd5 41. Qc8+ (41. Qxd5 $2 exd5 42. h5 c3 43. h6 c2 44. d7 Ke7
45. h7 c1=Q 46. h8=Q Kxd7 47. Qf6 $16) 41... Kg7 42. d7 Qd4 43. Kg1 {Auf diese
Weise kann Weiß das Dauerschach vermeiden.} (43. d8=Q $2 Qxf2+ $11) 43... Qd1+
44. Kg2 Qd5+ 45. f3 Qd2+ 46. Kh3 Qd3 47. d8=Q $18 Qf5+ 48. Kg2 Qc2+ 49. Kf1
Qb1+ 50. Ke2 Kh7 (50... Qc2+ 51. Qd2 $18) 51. Kf2 (51. Qh8+ $18) (51. Qd2 $18)
51... Qb2+ 52. Kf1 Qb1+ 53. Kg2 Qf5 54. Kh2 1-0

[Event "Olympiad-34"]
[Site "Istanbul"]
[Date "2000.11.12"]
[Round "14.3"]
[White "Delchev, Aleksander"]
[Black "Hansen, Lars Bo"]
[Result "1/2-1/2"]
[WhiteElo "2557"]
[BlackElo "2562"]
[Annotator "Ribli,Z"]
[PlyCount "170"]
[EventDate "2000.10.28"]
[EventType "team-swiss"]
[EventRounds "14"]
[EventCountry "TUR"]
[SourceTitle "EXT 2001"]
[Source "ChessBase"]
[SourceDate "2000.11.22"]
[SourceVersion "1"]
[SourceVersionDate "2000.11.22"]
[SourceQuality "1"]
[WhiteTeam "Bulgaria"]
[BlackTeam "Denmark"]
[WhiteTeamCountry "BUL"]
[BlackTeamCountry "DEN"]

1. c4 e6 2. g3 d5 3. Bg2 Nf6 4. Nf3 Be7 5. O-O O-O 6. d4 Nbd7 {Das ist die
sogenannte Geschlossene Variante. Die schwarze Strategie lautet: die Stellung
geschlossen halten, den Damenflügel mit b6-Bb7 entwickeln und in einem
günstigen Moment den Zug c6-c5 durchsetzen.} 7. b3 c6 8. Qc2 b6 9. Rd1 {
Das ist eine bekannte, schlaue Zugfolge. Weiß legt sich noch nicht auf die
Entwicklung seiner Leichtfiguren am Damenflügel fest. Im Falle von Bb7 wird
der Springer nach c3 entwickelt, im Falle von Ba6 - wie in der Partie - nach
d2.} Ba6 (9... Bb7 10. Nc3) 10. Nbd2 (10. Bb2 Rc8 11. Nc3 dxc4 $15) 10... Rc8 {
Schwarz bereitet c6-c5 vor. Das ist logisch, aber die sofortige Durchsetzung
des Zuges kommt auch stark in Betracht.} (10... c5 $5 11. e4 dxc4 12. bxc4 (12.
Nxc4 cxd4 13. Nxd4 Rc8 14. Qe2 Qc7 15. Bf4 Bxc4 16. bxc4 e5 17. Nf5 Nc5 (17...
Rfe8 $5 18. Bg5 h6 19. Bxf6 Nxf6 20. Ne3 $11) 18. Bd2 Ne6 19. Bc3 Bc5 20. Kh1
Rfd8 (20... g6 21. f4 gxf5 22. Bxe5 Qe7 23. exf5 Ng7 $13) 21. f4 $1 exf4 22. e5
{1-0 Filippov,V-Galkin,A/Russia (ch) 1998/OPN, E09/[Ribli] (38)}) 12... cxd4
13. e5 Ng4 14. Qe4 h5 15. h3 Nc5 16. Qxd4 Nh6 17. Ba3 Qc7 18. Bxc5 bxc5 19. Qc3
Rad8 {0-1 Huebner,R-Anand,V/Dortmund GER 2000/78 multimedia (39)}) 11. e4 c5
12. exd5 exd5 13. Nf1 $5 (13. Bb2) 13... dxc4 (13... cxd4 14. Nxd4 b5 15. Ne3
bxc4 16. Nxd5 Nxd5 17. Bxd5 cxb3 18. Qxb3 Bf6 (18... Nc5 19. Qf3 Bf6 20. Ba3
Qa5 21. Rab1 Bxd4 22. Rxd4 Be2 23. Qxe2 Qxa3 24. Qe7 {1-0 Sulava,N-Atalik,S/
Cappelle La Grande FRA 2000 (34)}) 19. Ba3 Nc5 20. Bxc5 Rxc5 21. Ne6 {1-0
Stohl,I-Dydyshko,V/Zakopane chT 2000/The Week in Chess 310 (26)}) 14. d5 Ne8 {
Der Springer peilt das Blockadefeld d6 an.} (14... cxb3 15. axb3 Bxf1 16. Bxf1
Qc7 (16... Ne8 17. Rxa7 Nd6 18. Bf4 $36) 17. Bf4 Bd6 18. Bxd6 Qxd6 19. Rxa7 Ra8
(19... Nxd5 $2 20. Bc4 N7f6 21. Ng5 {Jetzt droht 22.Rxd5.} g6 22. Bxd5 Nxd5 23.
Ne4 Qb8 (23... Nb4 24. Nxd6 Nxc2 25. Nxc8 Rxc8 26. Rdd7 $18) (23... Qe5 24.
Rxd5 Qxd5 25. Nf6+ $18 {[%cal Rf6d5,Rf6g8]}) 24. Rd7 Nb4 25. Qc3 $18 {[%csl
Rg8]}) 20. Rxa8 Rxa8 21. Nh4 g6 22. Ng2 $14 {[%cal Gg2e3,Ge3c4]}) 15. bxc4 Nd6
{[%csl Gd6]} 16. Ne3 Re8 (16... b5 $5) 17. Bf1 (17. a4 $5 $14 {Weiß verhindert
b6-b5. Die Stellung ist geschlossen, aber Weiß hat spürbar Raumvorteil.}) 17...
b5 $132 18. Rb1 (18. cxb5 Bxb5 19. Bxb5 Nxb5 20. Nc4 Nb6) 18... bxc4 (18... Rb8
) 19. Qa4 Bb7 20. Bd2 $13 {[%cal Gd2a5] Weiß beschäftigt sich nicht mit der
Rückeroberung des Pc4, er möchte vielmehr den positionellen Druck erhöhen.} (
20. Nxc4 Nb6 21. Qc2 (21. Qxa7 Nbxc4 22. Bxc4 Rc7 23. Qa4 Nxc4 24. Qxc4 Rd7 $11
) 21... h6 $14 (21... Bxd5 22. Rxb6 Bxf3 23. Rbxd6 Bxd6 24. Rxd6 $16)) (20.
Qxa7 $2 Ra8) 20... Ra8 (20... Nb6 $5 21. Qxa7 Nxd5 22. Nxd5 (22. Rxb7 $2 Nxb7
23. Qxb7 Nxe3 24. fxe3 c3 $19 {[%cal Gd8d1]}) 22... Bxd5 23. Ba5 Ra8 24. Bxd8
Rxa7 25. Bxe7 Bxf3 26. Bxd6 (26. Rxd6 Raxe7 27. Bxc4 Re1+ 28. Rxe1 Rxe1+ 29.
Bf1 Kf8 $36) 26... Bxd1 27. Rxd1 Rd8 28. Re1 (28. Bxc4 $2 Rad7 $19) 28... c3
29. Bxc5 Rxa2 $15 {[%csl Gc3]}) 21. Ba5 Nb6 22. Qc2 Bc8 {Schwarz möchte seine
Läuferstellung verbessern.} (22... Bf6 $5) 23. Ne5 {[%cal Ge5c6,Ge5c4][%mdl
2048]} Bf6 24. N5xc4 {Weiß gewinnt den Bauern zurück.} Ndxc4 25. Nxc4 {Weiß
scheint dank seiner Initiative am Damenflügel besser zu stehen.} Bg4 $132 26.
Rd2 Bd4 {[%csl Gd4]} (26... Nxc4 $6 27. Bxd8 Nxd2 28. Qxd2 $16) 27. Nxb6 axb6
28. Bxb6 Qxd5 {Die Stellung ist materiell ausgeglichen, Schwarz hat keine
Probleme.} 29. Bg2 Bf3 $2 {Dieser automatische Zug verliert einen Bauern.} (
29... Qe6 $1 30. Bxa8 (30. Bxc5 $2 Bf5 $19) 30... Bf5 31. Qb3 Bxb1 $11) 30.
Bxf3 Qxf3 31. Bxc5 Bxc5 32. Qxc5 $14 {[%mdl 4096] Weiß hat einen Mehrbauern,
aber da der a- Bauer gar nicht gefährlich ist, hat Schwarz bei gutem Spiel
ausgezeichnete Remischancen.} h5 {Schwarz möchte seine Grundlinie öffnen und
droht eventuell h5-h4 mit Bauerntausch.} 33. h4 Ra4 {[%cal Ge8a8,Ga8a2]} (33...
g6 $14) 34. Qc7 Raa8 (34... Rea8 $6 35. Rd8+ Rxd8 36. Qxd8+ Kh7 37. Rb3 Qe4 38.
Qg5 g6 39. Qf6 $16) 35. Rdb2 Kh7 36. Rb3 Qd5 37. Qc2+ Kg8 (37... g6 $14) 38. a3
g6 39. Rd1 Qe6 40. Rf3 Rec8 41. Qd2 Rc7 {[%csl Gc7] Alles in der schwarzen
Stellung ist verteidigt - es gibt keine Schwächen.} 42. Qd4 Rca7 43. Rdd3 Qe7
44. Rde3 Qf8 45. Qb2 {Weiß verteidigt den Pa3, aber das ist auch schon alles,
er hat keine Hoffnung zu a3-a4 zu kommen.} Qd6 46. Rf6 Qd1+ 47. Kh2 Rc7 48. Qa2
Kg7 49. Ref3 Raa7 {Schwarz verteidigt seine einzige Schwäche, den Pf7.} 50. Qb2
Kh7 51. Qe5 Re7 52. Qf4 Qa1 53. Qc4 Kg7 {Droht eventuell 54...Qxf6 und Schwarz
bekommt zwei Türme für die Dame.} 54. R6f4 Rac7 55. Qd5 Rcd7 56. Qc4 Rc7 57.
Qd4+ {Das Turmendspiel hat Weiß auch nichts zu bieten, andererseits kommt er
sonst auch nicht dazu, seine Stellung zu verbessern.} Qxd4 58. Rxd4 Rc2 {
[%cal Gc2a2,Gc2h2]} 59. Ra4 Re6 {[%cal Ge6f6,Gf6f3] Schwarz kann ein Turmpaar
tauschen, wonach eine aus der Theorie bekannte Remisstellung entsteht.} (59...
Ra2) 60. Kg2 Ra2 61. Ra7 (61. Raf4 Re7) 61... Rf6 62. Rxf6 Kxf6 $11 {Man
findet dieses Endspiel in jedem Endspiellehrbuch. Die Stellung ist theoretisch
Remis, denn Weiß kommt nicht voran. Der schwarze Turm steht ausgezeichnet auf
a2 und kontrolliert gleichzeitig den a-Bauern und die weißen Bauern am
Königsflügel.} 63. Kf3 Kg7 64. Ke3 Kf6 65. f3 Ra1 {Die Zone a2-a1 ist ideal
für den schwarzen Turm.} 66. Ra4 Kg7 $1 {Nach diesem Zug kann Weiß seine
Turmstellung nicht verbessern.} (66... Ra2 $2 67. Rf4+ Kg7 68. a4 $16) 67. Ke4
Re1+ 68. Kf4 Ra1 69. Ke5 Rg1 {So sieht die schwarze Verteidigung aus - wenn
der weiße König sich fort begibt, greift der schwarze Turm die Bauern am
Königsflügel an.} 70. Kf4 Ra1 71. Ra7 Kf6 {Wenn die Drohung Rf4+ nicht mehr
besteht, darf der schwarze König auf f6 erscheinen.} 72. Ke3 Ra2 73. Ra4 Kg7 $1
74. Ra5 Kf6 75. g4 {Dieser Zug bietet nichts, aber es gibt keinen anderen
Gewinnversuch.} hxg4 76. fxg4 Rh2 77. h5 Rh3+ (77... gxh5 $6 78. Rxh5 Ra2 79.
Ra5 $14 {In der Partie bekommen wir eine ähnliche Stellung, aber mit dem
h-Bauern, und das ist viel einfacher für Schwarz.}) 78. Kf4 gxh5 79. gxh5 Rh4+
80. Kg3 Rc4 {Das Material ist reduziert, der weiße Mehrbauer hat keine
Bedeutung.} 81. Ra6+ Kg7 82. h6+ Kh7 83. Rf6 Rc3+ 84. Rf3 Rc7 (84... Rxf3+ $4
85. Kxf3 Kxh6 86. a4 $18) 85. a4 Ra7 1/2-1/2

[Event "Goodricke op 12th"]
[Site "Kolkata"]
[Date "2001.02.08"]
[Round "3"]
[White "Markowski, Tomasz"]
[Black "Sandipan, Chanda"]
[Result "1/2-1/2"]
[WhiteElo "2595"]
[BlackElo "2431"]
[Annotator "Ribli,Z"]
[PlyCount "116"]
[EventDate "2001.02.06"]
[EventType "swiss"]
[EventRounds "11"]
[EventCountry "IND"]
[SourceTitle "CBM 082"]
[Source "ChessBase"]
[SourceDate "2001.05.17"]
[SourceVersion "1"]
[SourceVersionDate "2001.05.17"]
[SourceQuality "1"]

1. g3 d5 2. Nf3 Nf6 3. Bg2 e6 4. c4 Be7 5. d4 O-O 6. O-O c6 {Die geschlossene
Variante ist nicht so populär wie die Variante mit 6...dxc4, aber sie
verschafft Schwarz eine solide, wenn auch etwas passive Stellung. Ich möchte
anmerken, dass die geschlossene Variante in der Zugfolge 1.d4 Nf6 2.c4 e6 3.g3
d5 4.Nf3 Bb4+ 5.Bd2 Be7 für Schwarz günstiger ist, weil der Läufer auf d2
nicht so gut steht wie auf c1 - denn in diesem Fall kann Weiß den Läufer nciht
nach b2 entwickeln.  Aber in unsere Partie wir haben die Katalanische
Eroeffnung mit zugumstellung erreichen.} 7. Qc2 Nbd7 8. b3 b6 9. Bb2 {Dieser
Läuferzug sieht natürlich aus, aber in einigen Varianten - vornehmlich bei
einem Aufbau mit Qc7 - steht der Läufer besser auf c1, denn von hier aus kann
er nach f4 gelangen.} (9. Rd1 {Das ist die populäre Fortsetzung - auf 9....Bb7
spielt Weiß 10.Nc3, und nach 9...Ba6 kommt 10.Nbd2.}) 9... Bb7 10. Nc3 Rc8 {
Dieser Turmzugsoll 11...c5 vorbereiten - meiner Meinung nach ist das nicht die
beste Fortsetzung für Schwarz.} (10... Qc7 $5 {[%cal Gc7c2]} 11. Rad1 (11. e4
dxe4 12. Nxe4 c5 13. Nxf6+ Nxf6 14. dxc5 Qxc5 15. Qe2 Rad8) 11... b5 12. c5 b4
13. Nb1 Ne4 14. Ne1 f5 15. Nd3 a5 $11) 11. e4 (11. Rad1 $5) 11... dxe4 (11...
c5 12. exd5 exd5 13. dxc5 dxc4 14. b4 bxc5 15. b5 Bxf3 16. Bxf3 Ne5 17. Bg2 Nd3
18. Nd1 $14) 12. Nxe4 c5 (12... Nxe4 13. Qxe4 Rc7 14. Rad1 c5 15. Qe2 $14) 13.
Nxf6+ (13. Nfg5 Nxe4 14. Nxe4 Qc7 $11 15. d5 $2 exd5 16. cxd5 Bxd5 17. Qc3 Nf6
18. Rad1 Bc6 $17) 13... Bxf6 14. Ng5 {Ein typisches Motiv - da das Matt auf h7
droht, kann Weiß den Bb7 beseitigen.} (14. Rad1 Bxf3 15. Bxf3 Bxd4 16. Bxd4
cxd4 17. Rxd4 Qe7 18. Rfd1 Rcd8 19. Qd2 Ne5 20. Bg2 Rxd4 21. Qxd4 f6 {1/2-1/2
Jirovsky,P-Kacirek,P/CZE 1993/EXT 97 (76)}) 14... Bxg5 15. Bxb7 Rc7 16. Bg2 {
Weiß hat das Läuferpaar und die Bauernmehrheit am Damenflügel. Schwarz kann
das Spiel jedoch Schritt für Schritt ausgleichen. Der alternative Läuferzug -
16.Be4 - scheint mir gefährlicher.} (16. Be4 $5 f5 (16... g6 17. d5 exd5 18.
cxd5 Bf6 19. d6 $1 $36) 17. Bg2 cxd4 18. Bxd4 e5 (18... Nc5 19. Rfd1 Rd7 20.
Bc3 Rff7 21. b4 Rxd1+ 22. Rxd1 Nd7 23. c5 bxc5 24. bxc5 Qc8 25. c6 {1-0 Manne,
P-Sjogren,B/Bergen 2000/CBM 77 ext (40)}) 19. Bd5+ Kh8 20. Bc3 Qe7 21. Rae1 g6
22. f4 Bf6 23. fxe5 Nxe5 24. Qb2 Re8 25. Rxe5 Qc5+ 26. Kg2 {1-0 Bugajski,
R-Kaliszewski,T/Warszawa 1987/EXT 2001 (26)}) 16... cxd4 (16... Bf6 $5 17. Rad1
(17. d5 Bxb2 18. Qxb2 exd5 19. Bxd5 (19. cxd5 Nf6 $132) 19... Nf6 $11) 17...
cxd4 18. Bxd4 Qe7 $11 {Das ist eine Zugumstellung zu unserer Partie.}) 17. Bxd4
Bf6 (17... b5 18. Qb2 e5 19. Bc3 bxc4 20. Rad1 Qc8 21. Bxe5 Nxe5 22. Qxe5 Bf6
23. Qe4 Re8 24. Qc2 cxb3 25. Qxb3 g6 {1/2-1/2 Rohrbach,F-Capelan,G/Germany
1982/GER-chT (53)}) 18. Rad1 (18. Qb2 Bxd4 19. Qxd4 Nf6 20. Rad1 Rd7 21. Qa1
Rxd1 22. Rxd1 Qe7 23. Qb2 Rd8 24. Qe2 h6 25. Rxd8+ Qxd8 {1/2-1/2 Koster,
E-Pence,M/Flint 1993/EXT 2001 (25)}) 18... Qe7 (18... Bxd4 19. Rxd4 $14) 19.
Qe2 {Weiß vermeidet die Varianten nach 19...b5.} (19. Be3 b5 $11 {[%cal Gc7c2]}
) (19. Rd2 b5 $11) 19... Rd8 (19... Bxd4 20. Rxd4 $14) 20. Be3 $5 {Weiß behält
sein Läuferpaar.} Nc5 $11 {[%csl Gc5][%cal Gf6b2][%mdl 4]} (20... Rcc8 21. Rd2
Nc5 22. Rfd1 $14) 21. Rxd8+ Qxd8 22. Rd1 Rd7 23. Rxd7 Qxd7 {[%cal Gd7d1] In
diesem Endspiel steht Weiß nur scheinbar wegen des Läuferpaares besser.
Schwarz verfügt nämlich über gutes Figurenspiel und kontrolliert die
wichtigsten Punkte.} 24. b4 (24. Qd2 Qxd2 25. Bxd2 Bd4 $11) 24... Na4 {[%cal
Ga4c3]} 25. Qf3 $1 {[%cal Gf3a8]} (25. Qd2 Qxd2 26. Bxd2 Bd4 $11 (26... Bc3 27.
Bxc3 Nxc3 $11)) 25... Nc3 {[%csl Gc3]} 26. Qa8+ (26. c5 bxc5 27. bxc5 Nd5 $11 {
[%csl Gd5]} (27... Nxa2 28. Qa8+ Qd8 29. Qxa7 Nb4 $14 (29... Qd1+ 30. Bf1)))
26... Qd8 27. Qxd8+ (27. Qxa7 $4 Ne2+ $19) 27... Bxd8 28. a3 {[%mdl 4096]} Be7
{[%cal Ga7a5,Ge7a3] Schwarz bereitet 29...Nb1 vor.} 29. Kf1 (29. c5 bxc5 30.
bxc5 $11 (30. Bxc5 Bxc5 31. bxc5 Kf8 $15 {[%csl Rc5] Auch Weiß muss vorsichtig
agieren - der starke Freibauer auf der c-Linie kann leicht angegriffen werden.}
(31... Na4 $2 32. c6 $18))) 29... Nb1 30. Bc1 a5 31. c5 $5 (31. bxa5 bxa5 32.
a4 Bc5 $11) 31... axb4 32. c6 Bd6 33. axb4 Nc3 {[%cal Gc3d5]} 34. Bd2 $14 {
Weiß hat in diesem Endspiel einen kleinen Vorteil: sein Pc6 ist stark und sein
Läuferpaar aktiv. Bei präzisem Spiel jedoch kann Schwarz seine Stellung
verteidigen.} Nb5 {[%csl Gb5]} (34... Nd5 $4 35. Bxd5 exd5 36. Bf4 $18) 35. Ke2
{[%cal Ge2d3,Gd3c4]} (35. Be3 Bxb4 (35... Bc7 $11) 36. Bxb6 Bd6 $11) 35... Kf8
36. Kd3 Bc7 (36... Ke7 37. Kc4 Nc7) 37. Bc1 (37. Kc4 Nd6+) 37... Ke7 38. Bb2 f6
39. Kc4 (39. h4 $5) 39... Nd6+ 40. Kb3 Bd8 (40... b5 $6 41. Bd4 $14 (41. Bf1 e5
$11)) 41. Bf3 Bc7 42. Be2 Kf7 43. Bd3 h6 44. Bc1 {Weiß hat weder Drohungen
noch einen konkreten Spielplan, nur mehr Freiheit.} g5 45. Kc3 Ke7 46. Kd4 Nc8
47. f4 gxf4 (47... g4 $14) 48. gxf4 f5 {Sonst kommt Weiß zu 49.f5.} 49. Ke3 {
[%cal Ge3f3,Gf3g3,Gg3h4]} Kf7 50. b5 Ne7 51. Bc4 Ng6 {[%cal Gg6f4] Dieser Zug
verdeutlicht, dass auch Weiss einen Schwachpunkt in seiner Stellung hat.} 52.
Kf3 $11 {Weiß kommt nicht voran, weil er immer den Pf4 verteidigen muss.} Kf6 {
Schwarz kann das Gleichgewicht mit einfachen Königszügen aufrecht erhalten.}
53. Bb3 h5 (53... Kf7 $11) 54. Be3 h4 55. Bd1 Kf7 56. Be2 Kf6 57. h3 Kf7 58.
Bf1 Kf6 1/2-1/2